Statistiques concernant Culture Générale - Série 1120

Cliquez ici pour prendre le quiz!

Statistiques générales

  • Ce quiz a été pris 85 fois
  • Le résultat moyen est 5 sur 10

Statistiques - réponses

QuestionRéponse% Correct
Comme son nom l'indique, à quoi résiste un produit "waterproof" ?eau
96%
Quelle fête chrétienne est aussi connue sous le nom de "jour des Rois" ?Épiphanie
86%
De quelle ville d'Amérique du Sud, les Cariocas sont-ils les habitants ?Rio de Janeiro
71%
Quel chanteur guadeloupéen a fait un tube avec "Fruit de la passion" et propose dans une autre chanson : "Tu veux mon zizi ?"Francky Vincent
65%
Vers l'an 30, quel procurateur romain aurait prononcé la sentence de mort contre Jésus ?Ponce Pilate
58%
Quel auteur de BD met en scène avec Sempé les aventures du Petit Nicolas, en 1954 ?René Goscinny
49%
Quelle pièce cylindrique, à vis ou à baïonnette, reçoit le culot d'une ampoule électrique ?douille
42%
Quelle “diva aux pieds nus”, originaire du Cap-Vert, a sorti en 2003 l'album “Voz d'amor” ?Cesaria Evora
36%
Quel nom de danse, née dans les années 2000, évoque les mouvements de l'écorce terrestre ?Tecktonic
14%
À quelle expression française équivaut la locution latine “Nolens volens” ?bon gré mal gré
1%

Distribution des résultats

Percentile par nombre de réponses

% des personnes avec chaque résultat

Votre développement - résultats

Vous n’avez pas pris ce quiz